Analýza ukazovateľov a finančno-ekonomických nástrojov charakterizujúcich chozraščotné riadenie investičného procesu a smery rozvoja v nasledujúcej päťročnici 1. etapa riešenia čiastkovej výskumnej úlohy SPEV 902 003/02 "Chozraščotné riadenie investičného procesu"
Gespeichert in:
| Format: | Buch |
|---|---|
| Sprache: | Slowakisch |
| Veröffentlicht: |
Bratislava
Výskumný ústav národohospodársky VŠE
1981
|
| Tags: |
Keine Tags, Fügen Sie das erste Tag hinzu!
|
MARC
| LEADER | 00000nam a2200000 4500 | ||
|---|---|---|---|
| 001 | c127267 | ||
| 005 | 20200820115828.5 | ||
| 041 | 0 | |a slo | |
| 044 | |a SK | ||
| 245 | 1 | 0 | |a Analýza ukazovateľov a finančno-ekonomických nástrojov charakterizujúcich chozraščotné riadenie investičného procesu a smery rozvoja v nasledujúcej päťročnici |b 1. etapa riešenia čiastkovej výskumnej úlohy SPEV 902 003/02 "Chozraščotné riadenie investičného procesu" |
| 264 | 1 | |a Bratislava |b Výskumný ústav národohospodársky VŠE |c 1981 | |
| 300 | |a 65 s. | ||